Tile Select - Eurovision 2025 (Hard) - Statistics

General Stats
  • This quiz has been taken 244 times
  • The average score is 38 of 45
Answer Stats
Question Tile Select % Correct
countries represented by a woman. Australia No
100%
countries represented by a woman. Austria No
100%
countries represented by a woman. Czechia No
100%
countries represented by a woman. France Yes
100%
countries represented by a woman. Norway No
100%
countries represented by a woman. Cyprus No
99%
countries represented by a woman. Greece Yes
99%
countries represented by a woman. Poland Yes
99%
countries represented by a woman. Denmark Yes
98%
countries sending a song with only one language. (on-stage versions) Norway Yes
95%
languages sung on the Eurovision 2025 stage. Swedish Yes
95%
languages sung on the Eurovision 2025 stage. Estonian No
94%
languages sung on the Eurovision 2025 stage. Albanian Yes
93%
languages sung on the Eurovision 2025 stage. Slovenian No
93%
languages sung on the Eurovision 2025 stage. Croatian No
91%
languages sung on the Eurovision 2025 stage. Latvian Yes
91%
countries sending a song with only one language. (on-stage versions) Latvia Yes
90%
countries sending a song with only one language. (on-stage versions) Netherlands No
90%
languages sung on the Eurovision 2025 stage. Hebrew Yes
88%
countries sending a song with only one language. (on-stage versions) Albania Yes
87%
countries that are performing in the 2nd semi-final. Luxembourg Yes
84%
languages sung on the Eurovision 2025 stage. Maltese No
84%
countries that are performing in the 2nd semi-final. Australia Yes
83%
languages sung on the Eurovision 2025 stage. Serbian Yes
83%
countries sending a song with only one language. (on-stage versions) Finland No
82%
countries that have chosen their representative internally. Norway No
82%
countries that have chosen their representative internally. Switzerland Yes
82%
countries that are performing in the 2nd semi-final. Albania No
81%
countries that have chosen their representative internally. France Yes
81%
countries sending a song with only one language. (on-stage versions) Georgia No
81%
countries sending a song with only one language. (on-stage versions) Iceland Yes
79%
countries that are performing in the 2nd semi-final. Netherlands No
79%
countries that are performing in the 2nd semi-final. San Marino No
79%
countries that are performing in the 2nd semi-final. Italy No
78%
countries that have chosen their representative internally. Poland No
78%
countries that are performing in the 2nd semi-final. Serbia Yes
77%
countries that have chosen their representative internally. Azerbaijan Yes
76%
countries that are performing in the 2nd semi-final. Lithuania Yes
76%
countries that have chosen their representative internally. Germany No
75%
countries that have chosen their representative internally. Armenia No
71%
countries that have chosen their representative internally. Czechia Yes
68%
countries that are performing in the 2nd semi-final. France Yes
57%
countries sending a song with only one language. (on-stage versions) Australia No
56%
countries sending a song with only one language. (on-stage versions) Armenia No
53%
countries that have chosen their representative internally. Israel No
38%
No matching quizzes found
Score Distribution
Percent of People with Each Score
Percentile by Number Answered
Your Score History
You have not taken this quiz